| 000 | 00910nam a2200229Ii 4500 | ||
|---|---|---|---|
| 003 | JO-AjNU | ||
| 008 | 230605s9999||||xx |||||||||||||| ||und|| | ||
| 017 | _a2019/5/2637 | ||
| 020 | _a978-9923-16-031-2 | ||
| 040 |
_aJO-AjNU _bara _erda _cJO-AjNU |
||
| 041 | _aara | ||
| 050 | 1 | 4 | _aPJ7541.2022 |
| 100 | 3 |
_aمجيد، إيفان فهمي حميد, _eauthor _963011 |
|
| 245 | 0 | 0 | _aالمظاهر الثقافية في الشعر الاندلسي: حقبة الاندلس الصغرى |
| 250 | _aالطبعة الاولى | ||
| 264 | 3 | 1 | _aعمان: الابتكار للنشر والتوزيع، 2022 |
| 300 |
_a355ص _bيحتوي على مراجع من ص325-355ص |
||
| 336 |
_atext _btxt _2rdacontent |
||
| 337 |
_aunmediated _bn _2rdamedia |
||
| 338 |
_avolume _bnc _2rdacarrier |
||
| 650 | 4 |
_aالشعر العربي-النقد الادبي-الادب العربي -العصر الاندلسي _963012 |
|
| 999 |
_aA28560 _c32128 _d32128 |
||